000 01711cam a22003974a 4500
001 12684823
003 ARRUPE
005 20141027123209.0
008 020214s2002 inu b 001 0 eng
010 _a 2002022575
020 _a0865973709 (hc : alk. paper)
020 _a0865973717 (pbk.)
035 _a(DLC) 2002022575
035 _a(DLC)741
040 _aDLC
_cDLC
_dDLC
041 1 _aeng
_hlat
042 _apcc
050 0 0 _aBV629
_b.P8413 2002
082 0 0 _a322/.1
_221
100 1 _aPufendorf, Samuel,
_cFreiherr von,
_d1632-1694.
_912142
240 1 0 _aDe habitu religionis Christianae ad vitam civilem.
_lEnglish
245 1 0 _aOf the nature and qualification of religion in reference to civil society /
_cSamuel von Pufendorf ; translated by J. Crull ; edited and with an introduction by Simone Zurbuchen.
260 _aIndianapolis, Ind. :
_bLiberty Fund,
_cc2002.
300 _axx, 158 p. ;
_c24 cm.
440 0 _aNatural law and enlightenment classics
_912143
490 1 _aThe works of Samuel von Pufendorf
504 _aIncludes bibliographical references (p. 141-143) and index.
650 0 _aChurch and state
_vEarly works to 1800.
_912256
650 0 _aReligion and civil society
_vEarly works to 1800.
_912257
700 1 _aCrull, Jodocus,
_d-1713?
_912258
700 1 _aZurbuchen, Simone.
_912259
800 1 _aPufendorf, Samuel,
_cFreiherr von,
_d1632-1694.
_tWorks.
_lEnglish.
_f2002.
_912260
906 _a7
_bcbc
_corignew
_d1
_eocip
_f20
_gy-gencatlg
942 _2lcc
_cMONOGRAPH
999 _c121139
_d121139